LEADER 01089nas 2200349 450 001 990003486250203316 005 20110128111721.0 011 $a0146-6410 035 $a000348625 035 $aUSA01000348625 035 $a(ALEPH)000348625USA01 035 $a000348625 100 $a20110119a19789999km-y-itay50------ba 101 0 $aeng 102 $aGB 110 $aayyzz--|||| 200 1 $aProgress in particle and nuclear physics 207 0$aA.1, n.1(1978)- 210 $aOxford$cPergamon press$d1978- 215 $av.$cill.$d26 cm 326 $aIrregolare 606 0 $aParticelle elementari$xPeriodici$2BNCF 676 $a539.7205 801 0$aIT$bsalbc$gISBD 856 4$uhttp://periodici.caspur.it/cgi-bin/sciserv.pl?collection=journals&issn=01466410$4.$zOn line da workstation autorizzate 912 $a990003486250203316 958 $aSCI$bPER IV$c1978-2010;$l1980-1981; 959 $aSE 979 $aMANCUSO$b90$c20110119$lUSA01$h1505 979 $aMANCUSO$b90$c20110128$lUSA01$h1117 996 $aProgress in particle and nuclear physics$9790873 997 $aUNISA LEADER 00798nam0-22003011i-450- 001 990006257340403321 005 20120514181351.0 035 $a000625734 035 $aFED01000625734 035 $a(Aleph)000625734FED01 035 $a000625734 100 $a20000112d1894----km-y0itay50------ba 101 0 $aita 102 $aIT 105 $a--------00-yy 200 1 $a<>strade vicinali$fG.B. Cereseto 205 $a2. ed. 210 $aTorino$cUnione Tipografico editrice$d1894 215 $a151 p.$d24 cm 676 $a352.74 700 1$aCereseto,$bGiovanni Battista$f<1858-1937>$0236629 801 0$aIT$bUNINA$gRICA$2UNIMARC 901 $aBK 912 $a990006257340403321 952 $aVI E 79$b50993$fFGBC 959 $aFGBC 996 $aStrade vicinali$9638043 997 $aUNINA LEADER 01370nam--2200421---450- 001 990002945300203316 005 20070615120323.0 035 $a000294530 035 $aUSA01000294530 035 $a(ALEPH)000294530USA01 035 $a000294530 100 $a20070615d1983----km-y0itay50------ba 101 $aita 102 $aIT 105 $a||||||||001yy 200 1 $a<> pergamene dell'archivio vescovile di Caiazzo$e(1007-1265)$fa cura di C. Salvati ... [et al.] 210 $aCaserta$c[s. n.]$d1983 215 $a2 v. (XI, 515 p. compless.)$d26 cm 225 2 $aDocumenti 300 $aIn testa al front. : Società di storia patria di Terra di lavoro 327 1 $a : XI, 216 p. - : P. 217-515 410 0$12001$aDocumenti 454 1$12001 461 1$1001-------$12001 606 0 $aPergamene$xArchivi vescovili$yCaiazzo 606 0 $aBeni ecclesiastici$yCaiazzo$zSec. 11.-13.$xDocumenti 676 $a333.3220945725 702 1$aSALVATI,$bCatello 801 0$aIT$bsalbc$gISBD 912 $a990002945300203316 951 $aF II f 78/I/a$b2474 FC$cF II 951 $aF II f 78/II/a$b2476 FC$cF II 959 $aBK 969 $aDILAM 979 $aDILAM$b90$c20070615$lUSA01$h1201 979 $aDILAM$b90$c20070615$lUSA01$h1203 996 $aPergamene dell'archivio vescovile di Caiazzo$91022268 997 $aUNISA